Recursos naturales en Centroamérica, Hoy /

保存先:
書誌詳細
共著者: CSUCA, IICA
フォーマット: 不明
出版事項: Managua :
タグ: タグ追加
タグなし, このレコードへの初めてのタグを付けませんか!

MARC

LEADER 00000 a2200000 04500
001 15164
003
008 991231s d
040 |a CRAI/IIS  |c CRAI/IIS 
090 |a 018232  
110 |a CSUCA  
245 |a Recursos naturales en Centroamérica, Hoy /  |c CSUCA  
260 |a Managua :  
300 |a viii; 520 p.  
710 |a IICA  
999 |c 17682  |d 17682